|
|
|
|
| LEADER |
00000nam a2200000Ii 4500 |
| 001 |
DIGUCANT0112 |
| 003 |
NyNyDIG |
| 007 |
cr ||||||||||| |
| 008 |
220623s2021 sp a o 000 0 spa d |
| 006 |
m o d |
| 035 |
|
|
|a (OCoLC)1334421049
|
| 040 |
|
|
|a DGITA
|b eng
|e rda
|e pn
|c DGITA
|
| 020 |
|
|
|a 9788417888398
|q eBook
|q pdf
|
| 020 |
|
|
|z 9788417888381
|
| 050 |
1 |
4 |
|a RA651 ebook
|
| 100 |
1 |
|
|a Llorca Díaz, Javier,
|e author.
|
| 245 |
1 |
0 |
|a Problemas de epidemiología general /
|c Javier Llorca, Trinidad Dierssen Sotos, Inés Gómez Acebo.
|
| 264 |
|
1 |
|a Santander :
|b Editorial Universidad Cantabria,
|c 2021.
|
| 300 |
|
|
|a 1 online resource :
|b illustrations.
|
| 336 |
|
|
|a text
|b txt
|2 rdacontent
|
| 337 |
|
|
|a computer
|b c
|2 rdamedia
|
| 338 |
|
|
|a online resource
|b cr
|2 rdacarrier
|
| 347 |
|
|
|a text file
|2 rdaft
|
| 347 |
|
|
|b PDF
|
| 490 |
1 |
|
|a Colección Manuales ;
|v #52
|
| 490 |
1 |
|
|a Textos Universitarios.
|v no. 21.
|a Ciencias Biomédicas
|
| 588 |
0 |
|
|a Online resource; title from PDF title page (Digitalia, viewed June 23, 2022)
|
| 650 |
|
0 |
|a Epidemiology
|v Problems, exercises, etc.
|
| 655 |
|
0 |
|a Electronic books.
|
| 700 |
1 |
|
|a Dierssen Sotos, Trinidad,
|e author.
|
| 700 |
1 |
|
|a Gómez Acebo, Inés,
|e author.
|
| 791 |
2 |
|
|a Digitalia (Firm),
|e distributor.
|
| 793 |
0 |
|
|g Digitalia eBook Collection:
|a Ediciones Universidad Cantabria
|
| 776 |
0 |
8 |
|i Print version:
|a Llorca Díaz, Javier.
|t Problemas de epidemiología general.
|d Santander : Editorial Universidad Cantabria, 2021
|z 9788417888381
|
| 830 |
|
0 |
|a Colección Manuales (Editorial Universidad de Cantabria) ;
|v #52.
|
| 830 |
|
0 |
|a Textos universitarios (Editorial Universidad de Cantabria) ;
|v no. 21.
|p Ciencias biomédicas.
|
| 856 |
4 |
0 |
|3 Digitalia Hispánica
|u https://www.digitaliapublishing.com/a/103042/
|
| 910 |
|
|
|a Premium collection: 2022
|